000 01085nam a22002537a 4500
003 OSt
005 20210224115132.0
008 210224s2010 mx a|||gr|||| 00| 0 spa d
020 _a9786071108135
040 _aCO-JMCR
_cCO-JMCR
041 0 _aspa
082 0 4 _aN /
_bHURg
_223
100 1 _aHurley, Tonya,
_eautora
_913858
245 1 0 _aGhostgirl :
_cLoca por amor /
_bTonya Hurley ; traducción de Alicia Frieyro
250 _aPrimera edición
260 _aMéxico :
_bAlfaguara,
_c2010
300 _a337 páginas :
_bilustraciones en blanco y negro ;
_c24 cm.
520 0 _aAntes de poder descansar en paz, Charlotte tiene que volver al trágico escenario de su muerte: el instituto. Todavía le queda una ultima misión que cumplir, tiene que ayudar a una joven que le a sido asignada a resolver algunos problemas personales antes del esperado baile de graduación.
650 2 4 _aEstudiantes de secundaria
_913859
650 2 4 _aFicción para adultos jóvenes
_913860
650 2 4 _aFantasmas
_913861
700 1 _aFrieyro, Alicia,
_etraductora
_913862
942 _2ddc
_cBK
999 _c7311
_d7311